LEADER 01195nam a22003134a 4500 001 991000170169707536 008 031210s2002 it a b 000 0 eng 020 $a887413018X 035 $ab12579695-39ule_inst 040 $aDip.to Matematica$beng 041 1 $aita$heng 082 0 $a510$221 084 $aAMS 00A08 084 $aLC QA93$b.P365 100 1 $aPappas, Theoni$0481552 240 14$aThe joy of mathematics.$lEnglish 245 13$aLe gioie della matematica :$bcome scoprire la matematica che ci circonda nella natura, nella musica, nell'architettura, nella storia e nella letteratura /$cTheoni Pappas 250 $aNuova ed. ital. 260 $aRoma :$bF. Muzzio,$c2002 300 $a255 p. :$bill. ;$c21 cm 440 3$aIl piacere della scienza ;$v1 504 $aIncludes bibliographical references (p. 250-255) 650 0$aMathematics$xPopular works 907 $a.b12579695$b17-03-08$c10-12-03 912 $a991000170169707536 945 $aLE013 00A PAP11 (2002)$g1$i2013000143484$lle013$op$pE13.50$q-$rl$s- $t0$u10$v0$w10$x0$y.i13075238$z09-02-04 996 $aJoy of mathematics$948217 997 $aUNISALENTO 998 $ale013$b10-12-03$cm$da $e-$fita$git $h3$i1 LEADER 01817nam 2200397 450 001 9910683373303321 005 20230627125614.0 010 $a3-0365-6983-9 035 $a(CKB)5700000000354498 035 $a(NjHacI)995700000000354498 035 $a(EXLCZ)995700000000354498 100 $a20230627d2023 uy 0 101 0 $aeng 135 $aur||||||||||| 181 $ctxt$2rdacontent 182 $cc$2rdamedia 183 $acr$2rdacarrier 200 00$aSpicy and Aromatic Plants /$fedited by Romina Alina Marc (Vlaic), Crina Muresan, Muresan Andruta Elena 210 1$aBasel, Switzerland :$cMDPI - Multidisciplinary Digital Publishing Institute,$d2023. 215 $a1 online resource (112 pages) 311 $a3-0365-6982-0 330 $aThis book aims to provide a wide range of viable alternative designs that utilize valuable compounds from spicy and aromatic plants. Spices and aromatic plants have been used for thousands of years to flavor food, but they can also be used for healing purposes. Until a few decades ago, however, this was performed with little knowledge of their actual properties. The attitude toward these plants has changed, and the need for knowledge has increased. The studies are oriented towards an in-depth analysis of the valuable compounds in these plants in order to be used in the food, pharmaceutical, cosmetic, and agricultural industries. 606 $aSpice plants 606 $aAromatic plants 615 0$aSpice plants. 615 0$aAromatic plants. 676 $a635.968 702 $aMarc (Vlaic)$b Romina Alina 702 $aMuresan$b Crina 702 $aElena$b Muresan Andruta 801 0$bNjHacI 801 1$bNjHacl 906 $aBOOK 912 $a9910683373303321 996 $aSpicy and Aromatic Plants$93085496 997 $aUNINA LEADER 03448oas 2201357 a 450 001 9910146094903321 005 20260128110037.0 011 $a1948-5573 035 $a(DE-599)ZDB2522566-2 035 $a(OCoLC)320836803 035 $a(CONSER) 2009202712 035 $a(CKB)1000000000745208 035 $a(DE-599)2522566-2 035 $a(EXLCZ)991000000000745208 100 $a20090512a20089999 uy a 101 0 $aeng 135 $aur||||||||||| 181 $ctxt$2rdacontent 182 $cc$2rdamedia 183 $acr$2rdacarrier 200 00$aBiodemography and social biology 210 $a[Madison, Wis.] $cSociety for the Study of Social Biology$d©2008- 300 $aRefereed/Peer-reviewed 311 08$a1948-5565 531 0 $aBiodemogr. soc. biol. 606 $aSociobiology$vPeriodicals 606 $aHuman biology$xSocial aspects$vPeriodicals 606 $aDemography$vPeriodicals 606 $aEvolution 606 $aSociobiology$vPeriodicals 606 $aEvolution$vPeriodicals 606 $aDemography$vPeriodicals 606 $aSociobiology 606 $aDemography 606 $aBiological Evolution 606 $aSociobiologie$vPe?riodiques 606 $aBiologie humaine$xAspect social$vPe?riodiques 606 $aDe?mographie$vPe?riodiques 606 $aDemography$2fast 606 $aHuman biology$xSocial aspects$2fast 606 $aSociobiology$2fast 606 $aSociobiologia$2thub 606 $aBiologia humana$2thub 606 $aDemografia$2thub 606 $ademography$2aat 606 $aevolution$2aat 608 $aPeriodicals$2fast 608 $aPeriodicals.$2lcgft 608 $aRevistes electròniques.$2thub 608 $aperiodicals.$2aat 608 $aPe?riodiques.$2rvmgf 615 0$aSociobiology 615 0$aHuman biology$xSocial aspects 615 0$aDemography 615 2$aEvolution. 615 2$aSociobiology 615 2$aEvolution 615 2$aDemography 615 2$aSociobiology. 615 2$aDemography. 615 2$aBiological Evolution. 615 6$aSociobiologie 615 6$aBiologie humaine$xAspect social 615 6$aDe?mographie 615 7$aDemography 615 7$aHuman biology$xSocial aspects 615 7$aSociobiology 615 7$aSociobiologia. 615 7$aBiologia humana. 615 7$aDemografia. 615 7$ademography. 615 7$aevolution. 676 $a304.5 712 02$aSociety for the Study of Social Biology 801 0$bNSD 801 1$bNSD 801 2$bCIT 801 2$bTXA 801 2$bLGG 801 2$bVRC 801 2$bDLC 801 2$bUKMGB 801 2$bOCLCQ 801 2$bOCLCF 801 2$bOCLCO 801 2$bOCLCQ 801 2$bOCLCO 801 2$bOCLCQ 801 2$bOCLCO 801 2$bIOG 801 2$bELW 801 2$bOCLCO 801 2$bDLC 801 2$bOCLCO 801 2$bNLE 801 2$bOCLCA 801 2$bAPUMS 801 2$bU3W 801 2$bOCLCO 801 2$bAU@ 801 2$bOCLCO 801 2$bWYU 801 2$bVT2 801 2$bOCLCO 801 2$bSFB 801 2$bOCLCA 801 2$bOCLCQ 801 2$bUAB 801 2$bOCLCL 801 2$bUBQ 801 2$bOCLCL 801 2$bCNMTR 906 $aJOURNAL 912 $a9910146094903321 996 $aBiodemography and social biology$91109540 997 $aUNINA